000 00980nam a22003017a 4500
003 CHAP
005 20220329135153.0
008 971013s1760 r 00010 d
010 _a32077
011 _a33049
035 _a37164
040 _cCHAP
082 _a510.4
_bN42
100 0 0 _aNewton, Isaac.
_981104
245 _aPhilosophiae naturalis principiae mathematica
260 _aColoniae Allobrogum :
_bSumtibus Cl.& Ant. Philibert Bibliop.,
_c1760
300 _a3 v.
_b: ilus.
590 _aBATCH-UPD
_b10
_c20130110
_lUCH01
_h1018
590 _aBATCH-UPD
_b10
_c20130410
_lUCH01
_h0625
590 _aBATCH-UPD
_b10
_c20130914
_lUCH01
_h1803
590 _aCONVERSION
_b10
_c20130109
_lUCH01
_h1318
650 1 4 _aMatemáticas.
_972901
901 _aBK
942 _cLIBRO
949 _a510.4 N42
_bBC
_cBPP
_d-85213
_eBPP
_fv.1
_h7442
_i37164
_si
949 _a510.4 N42
_bBC
_cBPP
_d-85214
_eBPP
_fv.2
_h7443
_i37164
_si
949 _a510.4 N42
_bBC
_cBPP
_d-85215
_eBPP
_fv.3
_h7444
_i37164
_si
999 _c32077
_d32077